书目信息 |
| 题名: |
美术基础起步教程
|
|
| 作者: | 朱大发 编著 | |
| 分册: | 1 单体水粉静物 | |
| 出版信息: | 合肥 安徽美术出版社 2011 |
|
| 页数: | 64页 | |
| 开本: | 26cm | |
| 丛书名: | ||
| 单 册: | ||
| 中图分类: | J21 , J215 | |
| 科图分类: | ||
| 主题词: | 绘画技法--教材 , 水粉画--静物画--绘画技法--教材 | |
| 电子资源: | ||
| ISBN: | 978-7-5398-2695-0 | |
| 000 | 00833nam0 2200253 450 | |
| 001 | 338753 | |
| 005 | 20150603102313.04 | |
| 010 | @a978-7-5398-2695-0@dCNY25.00 | |
| 100 | @a20110817d2011 em y0chiy50 ea | |
| 101 | 0 | @achi |
| 102 | @aCN@b340000 | |
| 105 | @aa z 000yy | |
| 106 | @ar | |
| 200 | 1 | @a美术基础起步教程@Amei shu ji chu qi bu jiao cheng@h1@i单体水粉静物@f朱大发编著 |
| 210 | @a合肥@c安徽美术出版社@d2011 | |
| 215 | @a64页@c图@d26cm | |
| 330 | @a本书内容包括: 色彩基础知识、画水粉的工具及使用、调色的方法、水粉的基本画法、色调练习、小色稿练习、单色水粉静物练习、陶瓷类单体水粉静物作画步骤等。 | |
| 606 | 0 | @a绘画技法@j教材 |
| 606 | 0 | @a水粉画@x静物画@x绘画技法@j教材 |
| 690 | @aJ21@v5 | |
| 690 | @aJ215@v5 | |
| 701 | 0 | @a朱大发@Azhu da fa@4编著 |
| 801 | 0 | @aCN@b卓展宏图@c20150525 |
| 905 | @dJ21@e689:1@f4 | |
| 美术基础起步教程.1.单体水粉静物/朱大发编著.-合肥:安徽美术出版社,2011 |
| 64页:图;26cm |
| ISBN 978-7-5398-2695-0:CNY25.00 |
| 本书内容包括: 色彩基础知识、画水粉的工具及使用、调色的方法、水粉的基本画法、色调练习、小色稿练习、单色水粉静物练习、陶瓷类单体水粉静物作画步骤等。 |
| ● |
| 相关链接 |
|
|
|
|
正题名:美术基础起步教程
索取号:J21/689:1
 
预约/预借
| 序号 | 登录号 | 条形码 | 馆藏地/架位号 | 状态 | 备注 |
| 1 | 860387 | 208603876 | 第一样本阅览室/ [索取号:J21/689:1] | 在馆 | |
| 2 | 860388 | 208603885 | 第一借阅区/ [索取号:J21/689:1] | 在馆 | |
| 3 | 860389 | 208603894 | 第一借阅区/ [索取号:J21/689:1] | 在馆 | |
| 4 | 860390 | 208603901 | 美术系资料室/ [索取号:J21/689:1] | 在馆 |